| 000 | 01641cam a2200397 i 4500 | ||
|---|---|---|---|
| 001 | 55228 | ||
| 003 | Mx-PuUPA | ||
| 005 | 20250517085207.0 | ||
| 008 | 140415s2000 mx a gr 001 0 spa d | ||
| 020 | _a9684114982 | ||
| 040 |
_aMx-PuUPA _cMx-PuUPA _bspa _dMx-PuUPA _erda |
||
| 041 | 0 | _aspa | |
| 043 | _an-mx--- | ||
| 100 | 1 |
_aPoniatowska, Elena, _d1933- _95559 _eautor |
|
| 245 | 1 | 4 |
_aLas siete cabritas / _cElena Poniatowska |
| 250 |
_aSegunda edición / _bcorregida |
||
| 264 | 1 |
_aMéxico, D.F. : _bEdiciones Era, _c2001 |
|
| 300 |
_a191 páginas, 4 láminas : _bilustraciones (blanco y negro) ; _c21 cm |
||
| 336 |
_2rdacontent _atexto _btxt |
||
| 337 |
_2rdamedia _asin medio _bn |
||
| 338 |
_2rdacarrier _avolumen _bnc |
||
| 490 | 0 | _aBiblioteca Era | |
| 490 | 0 | _aCrónica y testimonio | |
| 500 | _aReimpresiones: (primera reimpresión, diciembre, 2000 ; décima reimpresión, 2015) | ||
| 650 | 7 |
_2armarc _aAutoras mexicanas _ySiglo XX _vBiografía |
|
| 650 | 7 |
_2armarc _aArtistas mexicanas _vBiografía |
|
| 650 | 7 |
_2armarc _aEscritoras mexicanas _ySiglo XX _vBiografías |
|
| 650 | 7 |
_2armarc _aMujeres artistas _zMéxico _vBiografía |
|
| 775 | 0 |
_aPoniatowska, Elena, _bSegunda Edición (corregida) _dMéxico, D.F. : Ediciones Era, 2001 _tLas siete cabritas _w42351 _z9684115172 |
|
| 942 |
_2ddc _cLI _h860.9928709720904 _iP72 |
||
| 999 |
_c55228 _d55228 |
||